000 01175 a2200241 4500
001 59909
005 20260407155852.0
008 260407a2022 arg spa d
003 AR-UNSa-BCEJYS
040 _aAR-UNSa-BCEJYS
_bspa
_cAR-UNSa-BCEJYS
080 _a336.226
_xTipos de impuestos. Impuestos directos e indirectos
245 1 0 _aImpuesto sobre los bienes personales
020 _a978-987-01-2915-8
250 _a3a. ed.
264 1 _aBuenos Aires :
_bErrepar
_c2022
300 _axxviii, 458 p.
_c21 cm.
505 _a1. Conceptos generales - 2. La imposición sobre el patrimonio de las empresas – 3. Las personas humanas – 4. Caracteristicas de los impuestos – 5. Objeto del impuesto – 6. Sujetos del tributo – 7. Exenciones – 8. Base imponible – 9. Tributaciones de acciones, participaciones empresarias y fideicomisos no financieros – 10. Minimo no imponible, tasas y pagos a cuenta por gravámenes abonados en el exterior.
041 _aspa
942 _cBK
590 _aniveau_biblio:m niveau_hierar:0
100 1 _aGebhardt, Jorge
856 4 1 _uhttps://biblioeco.unsa.edu.ar/pmb/images/libros/L129075.jpg
_yImagen de portada
_qimage/jpeg
999 _c6837
_d6837